Co-Intelligence : (Record no. 21580)

MARC details
000 -LEADER
fixed length control field 00699nam a22002057a 4500
003 - CONTROL NUMBER IDENTIFIER
control field OSt
008 - FIXED-LENGTH DATA ELEMENTS--GENERAL INFORMATION
fixed length control field 260305b2024 |||||||| |||| 00| 0 eng d
020 ## - INTERNATIONAL STANDARD BOOK NUMBER
International Standard Book Number 9780753560778
082 ## - DEWEY DECIMAL CLASSIFICATION NUMBER
Classification number 303.4834
Item number MOL-C
100 ## - MAIN ENTRY--PERSONAL NAME
Personal name Mollick, Ethan
245 ## - TITLE STATEMENT
Title Co-Intelligence :
Remainder of title living and working with ai /
Statement of responsibility, etc Ethan Mollick
260 ## - PUBLICATION, DISTRIBUTION, ETC. (IMPRINT)
Place of publication, distribution, etc UK :
Name of publisher, distributor, etc WH Allen,
Date of publication, distribution, etc 2024.
300 ## - PHYSICAL DESCRIPTION
Extent / Pages xx, 234 p. ;
650 ## - SUBJECT ADDED ENTRY--TOPICAL TERM
Topical term or geographic name as entry element Expert systems (Computer science)-Social aspects
650 ## - SUBJECT ADDED ENTRY--TOPICAL TERM
Topical term or geographic name as entry element Artificial intelligence-Social aspects
650 ## - SUBJECT ADDED ENTRY--TOPICAL TERM
Topical term or geographic name as entry element Artificial intelligence-Educational applications
650 ## - SUBJECT ADDED ENTRY--TOPICAL TERM
Topical term or geographic name as entry element Labor-Effect of technological innovations on
650 ## - SUBJECT ADDED ENTRY--TOPICAL TERM
Topical term or geographic name as entry element Education-Effect of technological innovations on
942 ## - ADDED ENTRY ELEMENTS (KOHA)
Source of classification or shelving scheme
Koha item type Books
Holdings
Withdrawn status Lost status Source of classification or shelving scheme Damaged status Not for loan Home library Current library Date acquired Source of acquisition Currency Cost, normal purchase price Full call number Barcode Date last seen Copy number Bill Date Koha item type Bill Number
          SOBD Library SOBD Library 17/02/2026 All India Book House INR 999.00 303.4834 MOL-C1 008348 05/03/2026 1 17/02/2026 Reference Books NA/IN/1929
          SOBD Library SOBD Library 17/02/2026 All India Book House INR 999.00 303.4834 MOL-C2 008349 05/03/2026 2 17/02/2026 Books NA/IN/1929
          SOBD Library SOBD Library 17/02/2026 All India Book House INR 999.00 303.4834 MOL-C3 008350 05/03/2026 3 17/02/2026 Books NA/IN/1929
Hosted, Implemented, Customized & Maintained by: BestBookBuddies

Powered by Koha